01013nam a2200253 a 450000100060000000300080000600500170001400800410003103500190007204000360009104100080012708200250013510000440016024500840020426000500028830000270033850000980036550400300046365000400049370000440053394200120057799900170058995201530060659529BD-RjUL20211209080737.0161226s1955 cau b 000 0 eng  a(BD-RjUL)59653 aDLCcPBmdBD-RjULdBD-RjULbeng aeng a323.15223bTHM 19551 aThompson, Virginia,d1903-1990.917706510aMinority problems in Southeast Asia /cby Virginia Thompson and Richard Adloff. aStanford :bStanford University Press,c1955. aviii, 295 p. ;c24 cm. a"Issued under the auspices of the International Secretariat, Institute of Pacific Relations." aBibliography: p. 287-289. 0aMinoritieszSoutheast Asia.91770661 aAdloff, Richard,ejoint author.9177067 2ddccBK c59529d59529 00102ddc40718NFICaRUCLbRUCLcReadingd1958-02-04eOxford University Pressg26.40l0o323.15 THM 1955r2016-12-26 00:00:00tC-1w2016-12-26yBK